| 000 | 00999nas a2200349 4500 | ||
|---|---|---|---|
| 001 | BR2012003999 | ||
| 003 | BR-BrBNA | ||
| 005 | 20231205120657.0 | ||
| 007 | ta | ||
| 008 | 230509b bl.|||p| |||| 00| 00por d | ||
| 040 |
_aBR-BrBNA _bpor _cBiblioteca Nacional de Agricultura |
||
| 041 | _a(Pt) | ||
| 072 | _aJ11 | ||
| 100 | 1 | _aSilva, D.F.P. da | |
| 100 | 1 | _aSalomão, L.C.C. | |
| 100 | 1 | _aSiqueira, D.L. | |
| 100 | 1 | _aCecon, P.R. | |
| 100 | 1 | _aStruiving, T.B. | |
| 245 | 1 | _aAmadurecimento de manga 'Ubá' com etileno e carbureto de cálcio na pós-colheita | |
| 650 | _aMANGA | ||
| 650 | _aVARIEDADE | ||
| 650 | _aETILENO | ||
| 650 | _aCARBURETO DE CÁLCIO | ||
| 650 | _aMATURAÇÃO | ||
| 650 | _aPÓS-COLHEITA | ||
| 650 | _aARMAZENAMENTO | ||
| 650 | _aANÁLISE DE ALIMENTO | ||
| 650 | _aQUALIDADE | ||
| 773 | 0 |
_tCiência Rural (Brazil) _xISSN 0103-8478 _g(Feb 2012), v. 42(2) p. 213-220 _wBR2012003999 |
|
| 909 |
_a202311 _bLúcia _c55 _dLúcia Elande |
||
| 942 |
_2AGRIS _n0 _cANA |
||
| 999 |
_c219718 _d219718 |
||